Sociologický slovník

Na minha lista:
Detalhes bibliográficos
Autor principal: Geist, Bohumil
Formato: Livro
Idioma:tcheco
Publicado em: Praha Victoria Publ. 1993
Edição:1. vyd.
Assuntos:
Tags: Adicionar Tag
Sem tags, seja o primeiro a adicionar uma tag!

MARC

LEADER 00000nam a2200000 4500
001 c003078
005 20221214083727.8
020 |a 80-85605-28-7 
041 0 |a cze 
044 |a CZ 
245 1 0 |a Sociologický slovník  |c Bohumil Geist 
250 |a 1. vyd. 
264 1 |a Praha  |b Victoria Publ.  |c 1993 
300 |a 647 s. 
610 2 0 |a sociológia 
100 1 |a Geist, Bohumil